| 000 | 00713cam a2200277 4500 | ||
|---|---|---|---|
| 001 | J64012 | ||
| 008 | 000000n2001 000 0 eng u | ||
| 035 | _a(Sirsi) u111959 | ||
| 050 | _a333.337 | ||
| 110 |
_aFPDSavills _93625 |
||
| 245 | _aEast Anglia commercial survey - Spring 2001 | ||
| 260 |
_aLondon _bFPD Savills _c2001 |
||
| 300 | _a1 folded sheet ; 30cm. | ||
| 520 | _aReview of 2000 & outlook for 2001. | ||
| 650 | _aEAST ANGLIA | ||
| 650 | _aCAMBRIDGE | ||
| 650 | _aIPSWICH | ||
| 650 | _aHUNTINGDON | ||
| 650 | _aNORWICH | ||
| 650 | _aPETERBOROUGH | ||
| 650 | _aINDUSTRIAL PROPERTY | ||
| 650 | _aOFFICES | ||
| 650 | _aRENTS | ||
| 690 | _aPROPERTY-COMMERCIAL PROPERTY | ||
| 942 | _n0 | ||
| 999 |
_c101323 _d101323 |
||